| 000 | 01073nam a2200289 i 4500 | ||
|---|---|---|---|
| 001 | 000033077 | ||
| 003 | DO-SdBNP | ||
| 005 | 20250704122447.0 | ||
| 007 | ta | ||
| 008 | 110221t1971 dr 001 0bspa d | ||
| 040 |
_aDO-SdBNP _bspa _cBNPHU _erda |
||
| 041 | _aspa | ||
| 082 | 4 |
_a972.93053 _bF825t _222 |
|
| 100 | 1 |
_aFranco, Franklin J., _d1936- _eautor _4aut. _934417 |
|
| 245 | 1 | 0 |
_aTrujillismo : _bgénesis y rehabilitación / _cFranklin J. Franco. |
| 264 | 1 |
_aSanto Domingo, República Dominicana : _bEditora Cultural Dominicana, _c1971. |
|
| 300 |
_a128 páginas ; _c22 cm. |
||
| 336 |
_atexto _btxt _2rdacontent |
||
| 337 |
_asinmediación _bn _2rdamedia |
||
| 338 |
_avolumen _bnc _2rdacarrier |
||
| 500 | _aIncluye referencias bibliográficas y notal al final de los capítulos | ||
| 590 | _aPerteneció a la biblioteca personal de Juan Isidro Jimenes Grullón. | ||
| 590 | _aInventariado, 2024/DG | ||
| 651 | 4 |
_aRepública Dominicana _xPolítica y gobierno _yEra de Trujillo, 1930-1961 _91374 |
|
| 910 | _aValidado. Control de calidad EMS. | ||
| 942 |
_2ddc _cLBS1 |
||
| 999 |
_c32568 _d32568 |
||